MARC details
| 000 -CABECERA |
| campo de control de longitud fija |
01011nam a2200277 a 4500 |
| 003 - IDENTIFICADOR DEL NÚMERO DE CONTROL |
| campo de control |
MX-MxUPN |
| 005 - FECHA Y HORA DE LA ÚLTIMA TRANSACCIÓN |
| campo de control |
20241001063947.0 |
| 008 - ELEMENTOS DE LONGITUD FIJA--INFORMACIÓN GENERAL |
| campo de control de longitud fija |
991125s1925 sp d fr 001 0 spa d |
| 035 ## - NÚMERO DE CONTROL DEL SISTEMA |
| Número de control de sistema |
UPN01000049457 |
| 040 ## - FUENTE DE LA CATALOGACIÓN |
| Centro catalogador/agencia de origen |
MX-MxUPN |
| Lengua de catalogación |
spa |
| Centro/agencia transcriptor |
MX-MxUPN |
| 041 ## - CÓDIGO DE IDIOMA |
| Código de lengua del texto/banda sonora o título independiente |
spa |
| Código de lengua original |
eng |
| 050 #4 - SIGNATURA TOPOGRÁFICA DE LA BIBLIOTECA DEL CONGRESO |
| Número de clasificación |
LB1065 |
| Número de documento/Ítem |
P9.68 |
| 100 1# - ASIENTO PRINCIPAL--NOMBRE PERSONAL |
| Nombre de persona |
Pyle, William Henry, |
| Fechas asociadas al nombre |
n. 1875 |
| 9 (RLIN) |
30723 |
| 245 10 - MENCIÓN DE TÍTULO |
| Título |
Psicología del aprendizaje intelectual y manual / |
| Mención de responsabilidad, etc. |
por William Henry Pyle ; tr. Teodosio Leal Quiroga. |
| 260 ## - PUBLICACIÓN, DISTRIBUCIÓN, ETC. |
| Lugar de publicación, distribución, etc. |
Madrid : |
| Nombre del editor, distribuidor, etc. |
Imprenta de Juan Pueyo, |
| Fecha de publicación, distribución, etc. |
1925. |
| 300 ## - DESCRIPCIÓN FÍSICA |
| Extensión |
xiv, 368 páginas : |
| Tipo de unidad |
gráficas |
| 504 ## - NOTA DE BIBLIOGRAFÍA, ETC. |
| Nota de bibliografía, etc. |
Incluye índice. |
| 650 #4 - ASIENTO SECUNDARIO DE MATERIA - TERMINO TEMATICO |
| Término de materia o nombre geográfico como elemento de entrada |
Pruebas mentales |
| 9 (RLIN) |
15534 |
| 650 #4 - ASIENTO SECUNDARIO DE MATERIA - TERMINO TEMATICO |
| Término de materia o nombre geográfico como elemento de entrada |
Psicología del aprendizaje |
| 9 (RLIN) |
5221 |
| 700 1# - ASIENTO SECUNDARIO--NOMBRE DE PERSONAL |
| Nombre de persona |
Leal y Quiroga, Teodosio, |
| Fechas asociadas al nombre |
18--19-- |
| Término indicativo de función/relación |
traducción |
| 9 (RLIN) |
53388 |
| 700 1# - ASIENTO SECUNDARIO--NOMBRE DE PERSONAL |
| 9 (RLIN) |
51389 |
| Nombre de persona |
Luna de Ibarra, Luz |
| Término indicativo de función/relación |
propietaria anterior |
| 710 2# - ASIENTO SECUNDARIO - NOMBRE CORPORATIVO |
| Nombre de entidad corporativa o nombre de jurisdicción como elemento de entrada |
Instituto Nacional de Investigación Educativa (México) |
| Término indicativo de función/relación |
propietario anterior |
| 9 (RLIN) |
28086 |
| 902 ## - ELEMENTOS DE DATOS B LOCAL, LDB (RLIN) |
| Modificó |
MaríaRobles/010924 |
| 905 ## - TIPO DE MATERIAL |
| Tipo de material |
Libro |
| 942 ## - ELEMENTOS DE PUNTO DE ACCESO ADICIONAL (KOHA) |
| Fuente del sistema de clasificación o colocación |
Library of Congress Classification |
| Tipo de ítem Koha |
Libro |
| Suprimir en OPAC |
No |